Una estrella roja
Gorde:
| Egile nagusia: | |
|---|---|
| Formatua: | Liburua |
| Hizkuntza: | gaztelania |
| Argitaratua: |
Madrid
Espasa-Calpe
1979
|
| Saila: | Selecciones Austral, 53
|
| Gaiak: | |
| Etiketak: |
Etiketa erantsi
Etiketarik gabe, Izan zaitez lehena erregistro honi etiketa jartzen!
|
MARC
| LEADER | 00000nam a2200000 a 4500 | ||
|---|---|---|---|
| 001 | UCT6663 | ||
| 003 | CL-VaPUC | ||
| 008 | 970113e19790000SP |||||||||||||||||spa|d | ||
| 082 | 0 | 4 | |a 863 |b LEO |2 21 |
| 100 | |a León, María Teresa |e autora |9 345356 | ||
| 245 | 1 | 4 | |a Una estrella roja |
| 300 | |a 192 p | ||
| 942 | |c BK | ||
| 945 | |d 19970113 00:00:00 |a rleighto | ||
| 260 | |a Madrid |b Espasa-Calpe |c 1979 | ||
| 650 | 0 | |a Novelas españolas |9 265052 | |
| 583 | |a last modification |c 19970113 00:00:00 |k Rodrigo Vera | ||
| 490 | 0 | |a Selecciones Austral, 53 | |
| 999 | |c 255345 |d 255343 | ||
| 952 | |0 0 |1 0 |4 0 |6 863_000000000000000_LEO_1979 |7 0 |8 A |9 277558 |a BIBEDU |b BIBEDU |c ES_NOD |d 2019-11-19 |i 3274047 |o 863 LEO 1979 |p 3274047 |r 2023-08-09 |w 2019-11-19 |y BK |k LIT | ||